Sổ tay nuôi cá gia đình ương nuôi cá ao và nuôi cá lồng

में बचाया:
ग्रंथसूची विवरण
मुख्य लेखक: Nguyễn Duy Khoát
स्वरूप: पुस्तक
भाषा:Undetermined
प्रकाशित: Hà Nội Nông nghiệp 1999
विषय:
टैग : टैग जोड़ें
कोई टैग नहीं, इस रिकॉर्ड को टैग करने वाले पहले व्यक्ति बनें!
Thư viện lưu trữ: Trung tâm Học liệu Trường Đại học Cần Thơ
LEADER 00630nam a2200205Ia 4500
001 CTU_37337
008 210402s9999 xx 000 0 und d
020 |b 8.000đ 
082 |a 639.31 
082 |b Kh411 
100 |a Nguyễn Duy Khoát 
245 0 |a Sổ tay nuôi cá gia đình 
245 0 |b ương nuôi cá ao và nuôi cá lồng 
245 0 |c Nguyễn Duy Khoát 
260 |a Hà Nội 
260 |b Nông nghiệp 
260 |c 1999 
650 |a fish-culture,freshwater fishes 
904 |i Nguyễn Quang Điền, 000717 
980 |a Trung tâm Học liệu Trường Đại học Cần Thơ